| 000 | 00588nam a22001937a 4500 | ||
|---|---|---|---|
| 999 |
_c18329 _d18329 |
||
| 008 | 200722b xxu||||| |||| 00| 0 eng d | ||
| 020 | _a0596007949 | ||
| 040 |
_aKABU _cKABU |
||
| 050 |
_aQA76.9 _b.A25D43 2005 c. 1 |
||
| 100 | _aDhanjani, Nitesh | ||
| 245 |
_aNetwork security tools _cNitesh Dhanjani and Justin Clarke |
||
| 260 |
_aBeijing _bO'Reilly Media _c2005 |
||
| 300 | _axiii, 324 p. | ||
| 650 | _aComputer security | ||
| 650 |
_aComputer networks _xsecurity measures |
||
| 650 |
_aComputers _xAccess control |
||
| 700 | _aClarke, Justin | ||
| 942 |
_2lcc _cBK _hQA76.9 |
||